[Event "Schachbundesliga 2013/2014"]
[Date "2013.10.12"]
[Round "1.7"]
[Board "7"]
[White "Izsak, Gyula"]
[Black "Fruebing, Stefan"]
[Result "1/2-1/2"]
[WhiteClock "00:00:59"]
[BlackClock "00:23:04"]
[WhiteElo "2438"]
[BlackElo "2372"]
[WhiteClub "SV Griesheim"]
[BlackClub "SK KÃ¶nig Tegel"]
[PlyCount "78"]

1. Nf3 Nf6 2. c4 g6 3. d4 Bg7 4. g3 O-O 5. Bg2 d6 6. Nc3 Nc6 
7. O-O a6 8. Bf4 Rb8 9. Rc1 Bd7 10. Nd5 Nh5 11. Be3 e6 12. Nf4 Nxf4 
13. Bxf4 e5 14. dxe5 dxe5 15. Bg5 f6 16. Be3 Be6 17. Bc5 Rf7 18. Qc2 Qe8 
19. Rfd1 Rd8 20. Rxd8 Qxd8 21. Rd1 Rd7 22. Rxd7 Qxd7 23. Qd2 e4 24. Qxd7 Bxd7 
25. Nd4 f5 26. Nxc6 Bxc6 27. b3 b6 28. Be3 Bge5 29. f3 Kf7 30. Kf2 Ke6 
31. fxe4 Bxe4 32. Bxe4 fxe4 33. h3 h5 34. g4 hxg4 35. hxg4 Bd6 36. Bg5 Bc5+ 
37. Kg3 Bd6+ 38. Kf2 Bc5+ 39. Kg3 Bd6+ 1/2-1/2

[Event "Schachbundesliga 2013/2014"]
[Date "2013.10.12"]
[Round "1.8"]
[Board "8"]
[White "Kachibadze, Georg"]
[Black "Walter, Stefan"]
[Result "0-1"]
[WhiteClock "00:00:00"]
[BlackClock "00:16:25"]
[WhiteElo "2316"]
[BlackElo "2343"]
[WhiteClub "SK KÃ¶nig Tegel"]
[BlackClub "SV Griesheim"]
[PlyCount "84"]

1. e4 e5 2. Nf3 Nc6 3. Bc4 Nf6 4. d3 Be7 5. O-O O-O 6. Re1 d6 
7. a4 h6 8. h3 Nh7 9. a5 a6 10. Nc3 Ng5 11. Nxg5 Bxg5 12. Nd5 Bxc1 
13. Qxc1 Be6 14. f4 exf4 15. Qxf4 Ne7 16. d4 Bxd5 17. exd5 Qd7 18. Qf3 Rae8 
19. Bd3 g6 20. c3 Kg7 21. Re2 Ng8 22. Rae1 Rxe2 23. Rxe2 Qa4 24. Rf2 Qxa5 
25. Bxg6 Kxg6 26. Qf5+ Kg7 27. Rf3 Qa1+ 28. Kh2 Qc1 29. h4 Kh8 30. Rg3 Qd1 
31. b4 Qe2 32. c4 Qe7 33. Rg4 Re8 34. c5 Qe2 35. Rg3 Qe4 36. Qxf7 Qxh4+ 
37. Rh3 Qe7 38. Qg6 Rf8 39. Rg3 Qh4+ 40. Kg1 Qxd4+ 41. Kh2 Qh4+ 42. Kg1 Qhf6 
0-1

[Event "Schachbundesliga 2013/2014"]
[Date "2013.10.12"]
[Round "1.8"]
[Board "8"]
[White "Thiede, Lars"]
[Black "Tresch, Ralf"]
[Result "1-0"]
[WhiteClock "00:02:00"]
[BlackClock "00:00:00"]
[WhiteElo "2450"]
[BlackElo "2210"]
[WhiteClub "SF Berlin 1903"]
[BlackClub "SC Viernheim"]
[PlyCount "75"]

1. c4 c5 2. g3 Nc6 3. Bg2 g6 4. Nc3 Bg7 5. d3 d6 6. Nf3 e5 
7. O-O Nge7 8. Ne1 O-O 9. Nc2 Be6 10. Ne3 Qd7 11. a3 Bh3 12. Rb1 Bxg2 
13. Kxg2 f5 14. b4 cxb4 15. axb4 f4 16. Ned5 Nxd5 17. Nxd5 Ne7 18. Nc3 g5 
19. b5 g4 20. Ne4 Nf5 21. Kh1 fxg3 22. hxg3 Qe6 23. Kg2 Bh6 24. Rh1 Bxc1 
25. Qxc1 h6 26. Qd2 Rf7 27. Rh5 Raf8 28. Rbh1 Rg7 29. Qa2 b6 30. Qd2 Rg6 
31. Ra1 Rf7 32. Ra4 Rgg7 33. R5h1 Rd7 34. Qa2 Qf7 35. c5 d5 36. c6 Rc7 
37. Nc3 d4 38. Nd5 1-0

[Event "Schachbundesliga 2013/2014"]
[Date "2013.10.12"]
[Round "1.8"]
[Board "8"]
[White "Ruck, Robert"]
[Black "Dinstuhl, Volkmar"]
[Result "1/2-1/2"]
[WhiteClock "00:14:07"]
[BlackClock "00:13:08"]
[WhiteElo "2571"]
[BlackElo "2401"]
[WhiteClub "SC Eppingen"]
[BlackClub "SV Wattenscheid 1930"]
[PlyCount "134"]

1. Nf3 Nc6 2. d4 d5 3. e3 Bg4 4. Bb5 Nf6 5. h3 Bxf3 6. Qxf3 a6 
7. Bxc6+ bxc6 8. c4 e6 9. O-O c5 10. dxc5 Bxc5 11. cxd5 exd5 12. b3 O-O 
13. Bb2 Ne4 14. Rd1 Re8 15. Nc3 Nxc3 16. Bxc3 c6 17. Rac1 Bf8 18. Rc2 Qb6 
19. Bd4 Qb5 20. Rdc1 Re6 21. Qg4 a5 22. Bc5 h6 23. Bxf8 Kxf8 24. Rc5 Qb6 
25. Qf5 Kg8 26. Qc2 Ra6 27. Rd1 Re4 28. Rc1 Re6 29. Qd3 Qb7 30. R1c3 Kh8 
31. Qc2 Qd7 32. Rd3 Re4 33. Rd1 Qb7 34. a3 Kg8 35. Rd3 Kh8 36. Rdc3 Re6 
37. Rd3 Re4 38. Qc3 Qb6 39. f3 Re8 40. Rd4 Rxe3 41. Qxe3 Qxc5 42. Kf2 Ra8 
43. Ra4 Qc2+ 44. Kg3 Rb8 45. Qe5 Qxb3 46. Rxa5 Qb1 47. Rc5 Qg6+ 48. Kh2 Ra8 
49. Qc7 Rxa3 50. Rxc6 Qf5 51. Qc8+ Qxc8 52. Rxc8+ Kh7 53. Rd8 Rd3 54. g4 Rxf3 
55. Rxd5 g5 56. Kg2 Ra3 57. Rb5 Kg6 58. Rb6+ f6 59. Rb7 h5 60. Rc7 h4 
61. Rb7 Rg3+ 62. Kh2 Rf3 63. Kg2 Rf4 64. Ra7 f5 65. Ra6+ Kg7 66. Ra7+ Kf6 
67. Ra6+ Kg6 1/2-1/2

[Event "Schachbundesliga 2013/2014"]
[Site "?"]
[Date "2013.10.12"]
[Round "1.1"]
[White "Bacrot, Etienne"]
[Black "Giri, Anish"]
[Result "1-0"]
[WhiteElo "2730"]
[BlackElo "2749"]
[PlyCount "51"]
[EventDate "2013.??.??"]
[WhiteTeam "OSG Baden-Baden"]
[BlackTeam "SK Turm Emsdetten"]
[WhiteClock "0:11:06"]
[BlackClock "0:45:20"]

1. e4 c5 2. Nf3 d6 3. Bb5+ Bd7 4. c4 ({Oder} 4. Bxd7+ Qxd7 5. c4 Nf6 6. Nc3 g6
7. d4 cxd4 8. Nxd4 Bg7 9. f3 O-O 10. Be3 Rc8 11. b3 a6 12. Rc1 Nc6 13. a4 e6
14. O-O d5 15. Nxc6 bxc6 16. a5 Qe7 17. Na4 dxe4 18. Nb6 Rd8 19. Qe2 Rab8 20.
Kh1 exf3 21. Rxf3 Ng4 22. Bg1 Ne5 23. Rff1 c5 24. b4 cxb4 25. c5 Qb7 26. Rfd1
Nc6 27. Qf3 Qc7 28. h3 Be5 29. Qb3 Rxd1 30. Rxd1 Rd8 31. Rf1 Nd4 32. Qxb4 Nf5
33. Rb1 Ng3+ 34. Kh2 Bd4 35. Bxd4 Rxd4 36. Qe1 Ne4+ 37. Kh1 Qxc5 38. Rc1 Qg5
39. Kg1 Kg7 40. Nc4 h5 41. Ne3 Rd3 42. Nf1 Nd2 43. Kh1 Rxh3+ {0-1 (43) Kamsky,
G (2763)-Giri,A (2734) Beijing 2013}) 4... Nf6 5. Nc3 g6 6. O-O Bg7 7. d4 cxd4
8. Nxd4 O-O 9. Bxd7 ({Bacrots Kollege in der franzÃ¶sischen Nationalmannschaft
spielte} 9. h3 Nc6 10. Be3 a6 11. Bxc6 bxc6 12. c5 Rb8 13. Qe2 Qa5 14. Nb3 Qb4
15. cxd6 exd6 16. e5 Nd5 17. exd6 Nxe3 18. Qxe3 Qxd6 19. Rad1 Qc7 20. Nc5 Bc8
21. b3 a5 22. Rfe1 Ra8 23. N3e4 Bf5 24. Nd6 Rad8 25. Nxf5 gxf5 26. Qf3 Qc8 27.
Nd3 Rd6 28. Nf4 Bd4 29. Qg3+ Kh8 30. Rxd4 Rxd4 31. Nh5 {1-0 (31) Vachier
Lagrave,M (2710)-Dominguez Perez,L (2712) Beijing 2011}) 9... Qxd7 10. b3 Nc6 {
Damit hat WeiÃŸ eine Maroczy-Struktur erreicht, seinen latent schlechten
LaÃ¤ufer aber schon abgetauscht.} 11. Bb2 a6 12. Nxc6 (12. Nd5 Nxd5 13. exd5
Nxd4 14. Bxd4 Bxd4 15. Qxd4 b5 16. Rfe1 bxc4 17. bxc4 Rfe8 18. h4 h5 19. Re3 e5
20. dxe6 Rxe6 21. c5 d5 22. Rxe6 Qxe6 23. Rb1 Rc8 24. Rb7 Qe8 25. g3 Qf8 26.
Qxd5 Rxc5 27. Qd7 Rf5 28. Qd4 Qg7 29. Qc4 Qf6 30. Rb8+ Kh7 31. Qc8 Rxf2 32.
Qg8+ Kh6 33. Qf8+ Kh7 34. Qg8+ Kh6 35. Qf8+ {1/2-1/2 (35) Negi,P (2638)-Jianu,
V (2500) Cappelle la Grande 2013}) 12... Qxc6 13. Nd5 Nxd5 14. exd5 Qc5 15.
Bxg7 Kxg7 16. Re1 Rfe8 17. Qd2 (17. Rc1 Rac8 18. Qd2 b5 19. b4 Qa7 20. c5 Kg8
21. c6 Qc7 22. h4 e6 23. dxe6 Rxe6 24. Rxe6 fxe6 25. a4 d5 26. axb5 axb5 27.
Qe2 Qf4 28. Qxe6+ Kg7 29. Qe7+ Kh6 30. Qe3 Qxe3 31. fxe3 Kh5 32. g3 Kg4 33. Kf2
Kf5 34. Kf3 Rc7 35. Rc5 Ke6 36. e4 dxe4+ 37. Kxe4 Kd6 38. Kd4 Rxc6 39. Rxc6+
Kxc6 40. Ke5 h6 41. Ke6 {1-0 (41) Greet,A (2444)-Urbina Perez,J (2241)
Gibraltar 2008}) 17... b5 18. Rac1 Qa7 (18... b4 19. Re3 {mit weiÃŸem Angriff
am KÃ¶nigsfÃ¼gel.}) 19. b4 bxc4 (19... Rac8 20. c5 dxc5 21. bxc5 {mit der Idee}
Rxc5 $2 22. Qd4+) 20. Rxc4 $16 h5 21. Qc3+ Kg8 22. Rc7 {WeiÃŸ steht nun
vÃ¶llig Ã¼berlegen. Die Partie ist in wenigen ZÃ¼gen zu Ende.} Qb6 23. a4 Rab8
24. Re4 f6 25. g4 ({Gut war auch} 25. h3 Kf7 26. a5 Qb5 27. Qe3 {nebst Matt
nach Txe7}) 25... Rb7 26. Qxf6 1-0